| 000 | 00929nam a2200265Ia 4500 | ||
|---|---|---|---|
| 003 | GCL | ||
| 008 | 140319s9999 xx 000 0 ara d | ||
| 040 |
_aGCL / _cGCL |
||
| 082 | 0 | 4 |
_a973 _bع ت |
| 100 | 1 | _aعبدالمجيد نعنعى | |
| 245 | 1 | 0 |
_aتاريخ الولايات المتحدة الامريكية الحديث / _cعبدالمجيد نعنعى |
| 700 | 1 | _aعبدالعزيز سليمان نوار | |
| 260 |
_aالقاهرة : _bدار الفكر العربى |
||
| 300 |
_a231 ص ؛ _c24 سم |
||
| 490 | _a | ||
| 650 | 0 | 4 | _aتاريخ |
| 650 | 0 | 4 | _aالولايات المتحدة الامريكية |
| 650 | 0 | 4 | _aالتنمية الاقتصادية |
| 650 | 0 | 4 | _aالعلاقات الخارجية |
| 650 | 0 | 4 | _aالزنوج فى الولايات المتحدة |
| 650 | 0 | 4 | _aامريكا الشمالية |
| 650 | 0 | 4 | _aالحرب الاهلية |
| 650 | 0 | 4 | _aاكتشاف |
| 942 |
_2ddc _cBK |
||
| 999 |
_c30952 _d30952 |
||